000 00430cam a2200169ua 4500
020 _cRs.4/-
041 _amal
_h
082 _a894.8121
_bSAN/JE
100 _aSankarakurip, G .
245 _aJeevana sangeetham /
_cSankarakurup.
_hTextual Documents
260 _a :
_bSahitya Pravarthaka Co-operative Society ,
_c1964.
300 _a216 ; .
365 _aRs.4/-
504 _a
942 _cBK
999 _c12046
_d12046